|
|
|
|
| LEADER |
01145nam a2200301 a 4500 |
| 001 |
000463120 |
| 003 |
CZ BrMZK |
| 005 |
20161010132947.0 |
| 007 |
ta |
| 008 |
000105s1982 xr af e c dcze d |
| 040 |
|
|
|a BOA001
|b cze
|
| 045 |
|
|
|a x-x-
|
| 072 |
|
7 |
|a 75
|x Malířství
|2 Konspekt
|9 21
|
| 080 |
|
|
|a 75(437.3)
|2 MRF
|
| 080 |
|
|
|a (083.824)
|2 MRF
|
| 245 |
0 |
0 |
|a Karel Holan :
|b obrazy 1920-1953 : Oblastná galerie v Liberci, 6. května-27. června 1982, Severočeská galerie v Litoměřicích, 9. září-24. října 1982 /
|c katalog připravil Naďa Řeháková
|
| 260 |
|
|
|a Liberec :
|b Oblastní galerie,
|c 1982
|
| 300 |
|
|
|a 1 sv. (nestr.), obr. příl. :
|b il.
|
| 500 |
|
|
|a Katalog výstavy
|
| 600 |
1 |
7 |
|a Holan, Karel,
|d 1893-1953
|7 jk01041652
|
| 648 |
|
4 |
|a 1920-1953
|
| 648 |
|
7 |
|a 20. století
|7 ch460558
|
| 650 |
0 |
7 |
|a české malířství
|y 20. století
|7 ph116864
|2 czenas
|
| 655 |
|
7 |
|a katalogy výstav
|7 fd132536
|2 czenas
|
| 700 |
1 |
|
|a Řeháková, Naďa,
|d 1945-2018
|7 jn20010310087
|4 com
|
| 910 |
|
|
|a BOA001
|b X-0859.089
|
| 990 |
|
|
|a BK
|
| 996 |
6 |
|
|b 2619777931
|c X-0859.089
|l MZK
|r Sklad / do 24 hodin
|n 3
|w 000463120
|u 000010
|a 1
|e BOA001
|j MZK50
|s P
|